Groups of Two Sports - Statistics

General Stats
  • This quiz has been taken 307 times
  • The average score is 20 of 52
Answer Stats
Clue Answer Answer % Correct
Tiger Woods
81%
Venus
80%
Tennis-playing Williams sisters Serena
79%
NBA teams Lebron James has played for Miami Heat
77%
Muhammad Ali
75%
Liverpool
73%
Los Angeles
73%
North American cities with most professional sports teams New York City
71%
Cleveland Cavaliers
70%
English Premier League football's "North London Rivalry" Arsenal
60%
Highest capacity stadiums in London Wembley
58%
Divisions of the NFL American Football Conference
56%
National Football Conference
56%
Famous baseballing duo of the 1920s Babe Ruth
55%
Countries that hosted 2002 FIFA World Cup Japan
53%
Liverpool football teams Everton
51%
London
51%
South Korea
50%
Porto
46%
Cities that have hosted at least 3 Olympic Games Athens
45%
Tottenham
45%
Highest scoring QB/WR duo of all time Peyton Manning
39%
Wayne Gretzky
39%
Portugese teams that have won the UEFA Champions League Benfica
38%
Possibly greatest boxing rivalry of all time Joe Frazier
33%
Jim Harbaugh
32%
Universities in American College football's "Iron Bowl"` Alabama
31%
Running backs with 16,000+ rushing yards Emmitt Smith
31%
Brothers who met in Superbowl XLVII as opposing coaches John Harbaugh
31%
Muggsy Bogues
31%
Wisconsin
31%
Auburn
29%
Countries Ferenc Puskas played for Hungary
28%
Tallest and shortest NBA players ever Manute Bol or Gheorghe Muresan
28%
Walter Payton
25%
2010
24%
Spain
24%
New sports voted into the 2016 Olympics Golf
23%
Marvin Harrison
22%
Super Heavyweight
22%
Lou Gehrig
21%
Colleges Russell Wilson attended NC State
18%
World Cup tournaments North Korea has attended 1966
17%
Pair of hockey's greats that led Edmonton to multiple cups in the 80s Mark Messier
16%
Twickenham
16%
Sevens Rugby
14%
South Sudan
10%
Golfers with at least 75 wins Sam Snead
9%
Newly admitted IOC members since 2012 Kosovo
7%
Lightest and heaviest MMA weight classes Atomweight
0%
First cities to host the regular and winter X Games Newport, Rhode Island
0%
Stowe, Vermont
0%
No matching quizzes found
Score Distribution
Percent of People with Each Score
Percentile by Number Answered
Your Score History
You have not taken this quiz